000 01135nam a2200229 a 4500
001 54332
003 BD-RjUL
005 20211209080114.0
008 161106s1993 bg ||||| |||| 00| 0 ben d
020 _c: TK 125.00
035 _a(BD-RjUL)54454
040 _aBD-RjUL
_bben
_cBD-RjUL
041 _aben
082 _223
_a615.532
_bRAP 1993
100 _aরশিদ, খন্দকার আব্দুর
_9162160
245 1 0 _aপ্র্যাকট্রিক্যাল প্র্যাকটিস অব হোমিও আই ট্রিটমেন্ট :
_bউপমহাদেশের একক বৃহত্তর এনাটমি ফিজিওলোজির আলোকে হোমিওপ্যাথিক চক্ষু চিকিৎসার বই /
_cখন্দকার আব্দুর রশিদ
260 _aঢাকা :
_bতাহমিদা খন্দকার,
_c১৯৯৩
300 _a১৭১ পৃ. :
_bচিত্র ;
_c২১ সেমি.
650 _aহোমিওপ্যাথি
_9162161
650 _aHomopathy
_9162162
942 _2ddc
_cBK
999 _c54332
_d54332